| 000 | 01071cam a22003131 4500 | ||
|---|---|---|---|
| 999 |
_c8015 _d8015 |
||
| 001 | 6385872 | ||
| 003 | GBCCL | ||
| 005 | 20241126110641.0 | ||
| 008 | 720825s1922 enk b 000 0 eng | ||
| 010 | _a 23007245 | ||
| 020 | _a9781330540008 | ||
| 035 | _a(OCoLC)391926 | ||
| 040 |
_aDLC _cODaWU _dOCoLC _dDLC |
||
| 041 | 1 |
_aeng _hfre |
|
| 042 | _apremarc | ||
| 050 | 0 | 0 |
_aBR145 _b.R4 |
| 082 |
_a270 _bREI |
||
| 100 | 1 |
_aReinach, Salomon, _d1858-1932. _914012 |
|
| 245 | 1 | 2 |
_aA short history of Christianity, _bfrom the French of Salomon Reinach ... _cby Florence Simmonds ... |
| 260 |
_aLondon, _bW. Heinemann, _c2018, 1922. |
||
| 300 |
_avii, 227, [1] p. _c23 cm. |
||
| 500 | _aTitle vignette. | ||
| 500 | _a"This study is founded on the five concluding chapters of 'Orpheus, histoire générale des religions', first published in 1909."--p. v. | ||
| 504 | _aBibliography at end of each chapter. | ||
| 650 | 0 |
_aChurch history. _9117 |
|
| 700 | 1 |
_aSimmonds, Florence, _etr. _914013 |
|
| 906 |
_a7 _bcbc _coclcrpl _du _encip _f19 _gy-gencatlg |
||
| 942 |
_2ddc _cBK _010 |
||